Generating income and conserving resources : (Registro nro. 2117)

Detalles MARC
000 -CABECERA
Campo de control 01018pam a2200253 a 4500
005 - FECHA Y HORA DE LA ULTIMA TRANSACCION
Campo de control 20200104041528.0
008 - ELEMENTOS DE LONGITUD FIJA—INFORMACION GENERAL
Campo de control 951108s1996 dcua b 000 0 eng
020 ## - ISBN
ISBN 0891641475
040 ## - FUENTE DE CATALOGACIÓN
Agencia catalogadora original DLC
Agencia transcriptora DLC
Agencia Modificadora CO-BoIAVH
041 ## - IDIOMA
Código de idioma para texto/pista de sonido o título separado Inglés
082 00 - NUMERO DE CLASIFICACION DECIMAL DEWEY
Número de clasificación 333.7091724
Número del ítem C61g
100 1# - ASIENTO PRINCIPAL--NOMBRE PERSONAL
Nombre personal Clay, Jason W.
245 10 - MENCION DE TITULO
Título Generating income and conserving resources :
Parte restante del título 20 lessons from the field /
Mención de responsabilidad Jason W. Clay.
260 ## - PUBLICACION, DISTRIBUCION, ETC. (PIE DE IMPRENTA)
Lugar de publicación, distribución, etc. [Washington, D.C.] :
Nombre del editor, distribuidor, etc. World Wildlife Fund,
Fecha de publicación, distribución, etc. c1996.
300 ## - DESCRIPCION FISICA
Extensión x, 76 paginas. :
Otros detalles físicos ilustraciones. ;
Dimensiones 23 x 15 cm.
504 ## - NOTA DE BIBLIOGRAFIA, ETC.
Nota de bibliografía Includes bibliographical references (p. 75-76).
650 #4 - ASIENTO SECUNDARIO DE MATERIA - TERMINO TEMATICO
Término temático o nombre geográfico como elemento de entrada Natural resources
Subdivisión geográfica Developing countries
Subdivisión general Management
-- Case studies.
650 #4 - ASIENTO SECUNDARIO DE MATERIA - TERMINO TEMATICO
Término temático o nombre geográfico como elemento de entrada Recursos naturales
650 #4 - ASIENTO SECUNDARIO DE MATERIA - TERMINO TEMATICO
Término temático o nombre geográfico como elemento de entrada Sustainable development
Subdivisión geográfica Developing countries
Subdivisión general Case studies.
650 #4 - ASIENTO SECUNDARIO DE MATERIA - TERMINO TEMATICO
Término temático o nombre geográfico como elemento de entrada Desarrollo sostenible
650 #4 - ASIENTO SECUNDARIO DE MATERIA - TERMINO TEMATICO
Término temático o nombre geográfico como elemento de entrada Rural development projects
Subdivisión geográfica Developing countries
Subdivisión general Case studies.
650 #4 - ASIENTO SECUNDARIO DE MATERIA - TERMINO TEMATICO
Término temático o nombre geográfico como elemento de entrada Proyectos de desarrollo rural
942 ## - ELEMENTOS ADICIONALES (KOHA)
Sistema de clasificación Dewey Decimal Classification
Tipo de ítem Libro
Existencias
Withdrawn status Lost status Sistema de Clasificación Damaged status No para préstamo Colección Inventariado Ubicación Permanente Ubicación actual Fecha de adquisición Fuente de Valor Valor Total Checkouts Número topográfico Inventario / Código de Barras Date last seen Ejemplar Price effective from Forma de adquisición Tipo de material
    Dewey Decimal Classification     General Inventariado 2017 Bogotá Bogotá 31/01/2001 Instituto 39000.00   LB-333.7091724 C61g 002623 04/12/2012 Ej. 1 04/12/2012   Libro